000 00838nam a2200193 i 4500
001 35124
003 ES-MaACL
005 20230906155047.0
007 t|
008 030212s1956 sp ||||1| spa d
100 1 _aBordeje, Federico.
_930393
245 1 0 _aCastillos desde el aire
_b: itinerario del vuelo organizado por la Asociación el 22 de abril de 1955, para conmemorar la publicación del Decreto sobre la conservación y protección de los Castillos españoles /
_cpor Federico Bordeje.
260 _a[Madrid :
_bs.n.,
_cs.a] (
_fJosé Luis Cosano,
_g1956)
300 _a21 p. ;
_c24 cm.
500 _aPrecede al tít.: Asociación Española de Amigos de los Castillos.
650 0 4 _aCastillos-
_zEspaña.
_910828
710 2 _aAsociación Española de Amigos de los Castillos.
_9134128
852 _aES-MaACL
_j1985-F-2
_bR.38669
999 _c35124
_d35124